Statistics for FIFA 11 Soundtrack

Click here to take the quiz!

General Stats

  • This quiz has been taken 4 times
  • The average score is 19 of 33

Answer Stats

ArtistSong% Correct
Ana Tijoux1{977}
100%
JonsiA{round} {Us}
100%
ChromeoD{on't} {Turn} {The} {Lights} {On}
100%
Scissor SistersF{ire} {With} {Fire}
100%
Ram Di DamF{lashbacks}
100%
LCD SoundsystemI {Can} {Change}
100%
Two Door Cinema ClubI {Can} {Talk}
100%
CaribouO{dessa}
100%
YeasayerO.{N}.{E}.
100%
GorillazR{hinestone} {Eyes}
100%
LocnvilleS{un} {In} {My} {Pocket}
100%
LadytronA{ce} {Of} {Hz}
50%
Linkin ParkB{lackout}
50%
Adrian LuxC{an't} {Sleep}
50%
HowlC{ontroller}
50%
MGMTF{lash} {Delirium}
50%
Dum Dum GirlsI{t {Only} {Takes} {One} {Night}
50%
Groove ArmadaP{aper} {Romance}
50%
Mark Ronson Feat. Simon Le Bon and WileyR{ecord} {Collection}
50%
We Are ScientistsR{ules} {Don't} {Stop}
50%
Massive AttackS{plitting} {The {Atom}
50%
ZemariaT{he} {Space} {Ahead}
50%
The Black KeysT{ighten} {Up}
50%
Charlotte GainsbourgT{rick} {Pony}
50%
Ebony BonesW.{A}.{R}.{R}.{I}.{O}.{R}.
50%
Jump Jump Dance DanceW{hite} {Picket} {Fences}
50%
Dan BlackW{onder}
50%
Dapuntobeat:{0}
0%
TulipaE{femera}
0%
ChocQuibTownE{l} {Bombo}
0%
MalucaE{l} {Tigeraso}
0%
The Pinker TonesS{ampleame}
0%
MalachaiS{nowflake}
0%

Score Distribution

Percentile by Number Answered

Percent of People with Each Score

Your Score History

You have not taken this quiz